Một số vấn đề về trí thức và nhân tài sách tham khảo

में बचाया:
ग्रंथसूची विवरण
मुख्य लेखक: Đức, Vượng
स्वरूप: पुस्तक
प्रकाशित: Hà Nội Chính trị Quốc gia 2013
विषय:
टैग : टैग जोड़ें
कोई टैग नहीं, इस रिकॉर्ड को टैग करने वाले पहले व्यक्ति बनें!
Thư viện lưu trữ: Trung tâm Học liệu Lê Vũ Hùng, Trường Đại học Đồng Tháp
LEADER 00953pam a22003138a 4500
001 00034876
005 20171026081025.0
008 161102s2013 ||||||Viesd
020 # # |c 41000 
041 0 # |a Vie 
082 1 4 |a 331.110 959 7  |b M458S 
100 1 # |a Đức, Vượng 
245 1 0 |a Một số vấn đề về trí thức và nhân tài  |c Đức Vượng  |b sách tham khảo 
260 # # |a Hà Nội  |b Chính trị Quốc gia  |c 2013 
300 # # |a 239 tr.  |c 21 cm. 
653 # # |a Nguồn nhân lực 
653 # # |a Nhân tài 
653 # # |a Phát triển 
653 # # |a Việt Nam 
852 # # |b Kho mượn  |j KM.0019665, KM.0020171 
852 # # |b Kho đọc  |j KD.0018757 
852 # # |j KM.0019665  |j KD.0018757  |j KM.0020171 
910 |d 02/11/2016 
980 # # |a Trung tâm Học liệu Lê Vũ Hùng, Trường Đại học Đồng Tháp